Statystyki dla Top 10 stanów USA z największą liczbą latarni morskich

Kliknij tutaj aby rozwiązać quiz!

Ogólne statystyki

  • Ten quiz został rozwiązany 97 razy
  • Średni wynik to 5 z 10

Statystyki odpowiedzi

#Stan% Poprawnych
32Kalifornia
92%
30Floryda
89%
22Waszyngton
79%
54Nowy Jork
76%
59Maine
52%
18Rhode Island
37%
16Maryland
36%
61Massachusetts
27%
96Michigan
23%
34Wisconsin
13%

Rozkład punktacji

Percentyl według liczby udzielonych odpowiedzi

Procent ludzi z każdym wynikiem

Twoja historia wyników

Nie rozwiązałeś tego quizu